000 00844nam a2200289Ia 4500
001 dia_5879
003 CHAP
005 20250924125259.0
008 220117s2013 xx 000 0 und d
010 _a177065
020 _a978-607-21-0738-0
040 _cCHAP
082 _a637.3 Y47 2013
100 _aYescas, Carlos
_9160083
245 _aQuesos mexicanos /
_c Carlos Yescas ; colaboración Josefina Santacruz
260 _aMéxico :
_b Larousse,
_c2013
300 _a128 p.
504 _aBibliografía: 127-128 p.
590 _aSF274.M4 Y47 2013
650 0 _aCheeses
_zMexico
_9148250
650 0 _aQuesos
_zMéxico
_9148254
700 _aSantacruz, Josefina, colab.
_9160084
901 _a637.3 Y47 2013
902 _aM
905 _a5232272013 mx db 8222123322spa16
942 _cLIBRO
_2ddc
999 _c177065
_d177065